Statistics for Random Animal Knowledge

Click here to take the quiz!

General Stats

  • This quiz has been taken 113 times
  • The average score is 10 of 20

Answer Stats

QuestionAnswer% Correct
Which animal comes first alphabetically?Aardvark
100%
What is the largest land animal?African elephant
100%
What is the name given to the fear of spiders?Arachnophobia
100%
What plant makes up the diet of a giant panda?Bamboo
100%
What is the world's largest animal?Blue Whale
100%
What type of animal is canine referring to?Dogs
100%
What tree's leaves make up the diet of a koala?Eucalyptus
100%
What is the name of a female sheep?Ewe
100%
What type of animal does a tadpole develop into?Frog or toad
100%
What type of ape is the largest alive today?Gorilla
100%
What is a cross between a horse and a donkey known as?Hinny or mule
100%
What type of monkey is the loudest land animal?{Howler} Monkey
100%
What animal served as the henchmen of Scar in the movie The Lion King?Hyena
100%
What is the largest species of lizard in the world?Komodo Dragon
100%
Which mosquito-spread disease is the deadliest to humans?Malaria
100%
What is the largest ray species?{Manta} Ray
100%
Mammals with pouches are known as what?Marsupials
100%
What is the largest animal in North America?North American {Bison}
100%
What is another common name for the killer whale?Orca
100%
What is the name of a group of lions?Pride
100%
What is the largest species of crocodile in the world?{Saltwater} Crocodile
100%
What is the national animal of Scotland (hint: it is mythical)Unicorn
100%
What is the national animal of Botswana?Zebra
100%
Which type of animal is said to have 9 lives?Cat
86%
Which Scottish lake is famous for the mythical aquatic monster that supposedly dwells there?Loch Ness
86%
What colour cape to Spanish bullfighters wave to get the bull to charge?Red
86%
What is the national animal of the United States?Bald Eagle
83%
What is the world's largest rodent species?Capybara
83%
A piscivore is an animal whose diet consists of mainly what?Fish
83%
Name one of the two countries that still legally practice whaling?Japan | Iceland
82%
Name a mammal that lays eggs.Echidna | Platypus
80%
What is the national animal of England?Lion
80%
What is a group of dolphins called?Pod
80%
What is the common name of a snake that squeezes its prey to death?Constrictor
75%
What animal was Roadrunner's main nemesis in the Looney Tunes?Coyote
75%
What is the tallest animal in the world?Giraffe
75%
What is the largest member of the dog family?Grey Wolf
75%
What is the longest species of venomous snake?King Cobra
75%
What is the biggest flightless bird on the planet?Ostrich
75%
How many legs does an ant have?Six
75%
What body part do giraffe's use to clean their ears?Tongue
75%
Which bird has the longest wingspan?Wandering Albatross
75%
Name an animal on Australia's coat of arms.Emu | Kangaroo
71%
What is the national animal of China?Giant Panda
71%
What colour skin do polar bears have?Black
67%
What is the fastest land animal?Cheetah
67%
What type of fish is the main antagonist in the movie 'Jaws'?Great White Shark
67%
What is the name for a baby sea lion?Pup
67%
What is the longest species of snake in the world?{Reticulated} Python
67%
What is the name of the bird featured on the flag of Papua New Guinea?Bird of {Paradise}
63%
What is the heaviest species of snake in the world?Green Anaconda
63%
Name one of the two islands where Orangutans are found.Borneo | Sumatra
60%
What is the name of a baby wombat?Joey
60%
What bird's name is often used as a demonym for New Zealanders'?Kiwi
60%
The now extinct dodo birds were found on which African island?Mauritius
60%
What is the world's fastest animal?{Peregrine} Falcon
60%
What is the name for an animal without a backbone?Invertebrate
57%
What country is the longest species of sturgeon named after?Russia
57%
What breed of dog derives its name from a state and city in northern Mexico?Chihuahua
56%
What is the world's largest dolphin species?Killer Whale
56%
The South African rugby team is named after what animal?Springbok
56%
Which country has the highest number of reptile species?Australia
50%
Which tiny octopus has a bite potent enough to kill a human?{Blue} {Ringed} Octopus
50%
What is the smallest member of Africa's 'Big Five'?Leopard
50%
What animal has the shortest lifespan?Mayfly
50%
What famously enormous prehistoric shark is rumoured to still exist in the Mariana Trench?Megalodon
50%
Which country has the highest amount of venomous species?Mexico
50%
What is the national bird of India?Peafowl
50%
Which type of monkey is famous for its abnormally long nose?{Proboscis} Monkey
50%
What body part do crickets rub together to create a chirping sound?Wings
50%
What is the smallest member of the dog family?{Fennec} Fox
43%
What do most Australian's actually call shrimps?Prawns
43%
What is the name of the large and dangerous catfish that lives in the Indian waterways?Goonch
40%
Lupus is the Latin word for which animal?Wolf
40%
Which country has the highest population of polar bears?Canada
38%
What is the most venomous lizard in the United States?Gila Monster
38%
The axolotl is a type of which amphibian?Salamander
38%
What is the largest species of big cat in the world?{Siberian} Tiger
38%
Which species of bird did the Chinese population attempt to eradicate during Mao's 'Great Leap Forward', leading to the Great Chinese Famine?Sparrow
38%
What is the world's fastest snake?Black Mamba
33%
What is the name of the process that allows bats to 'see' in the dark?Echolocation
33%
What is the largest species of monkey in the world?Mandrill
33%
What is a group of kangaroos known as?Mob
33%
What is the name for an egg-laying mammal?Monotreme
33%
What is the largest species of fish?Whale Shark
33%
Which country has the most feral camels?Australia
29%
What is the largest and heaviest species of squid?{Colossal} Squid
29%
What is the name of a baby fox?Kit
29%
What is the fastest species of shark?{Mako} Shark
27%
What is the heaviest bird of prey?Andean Condor
25%
What lizard can run on water?Basilisk Lizard
25%
What animal killed Steve Irwin?Stingray
25%
Which whale species are thought to have the longest migration of any marine animal?{Grey} Whale
22%
Which country has the most wild elephants?Botswana
20%
What is another common name for the reindeer?Caribou
17%
Who is the world's largest frog named after?Goliath
17%
An imposter is often known by this animal's name.Mole
17%
What type of bear subspecies is the world's largest?Kodiak Bear
14%
The deathstalker is a type of what animal?Scorpion
14%
What is the largest species of toothed animal?Sperm Whale
14%
What is the largest type of turtle in the world?Leatherback Turtle
13%
What is the fastest hoofed animal?Pronghorn
13%
What feared species of insect is widely known as the 'murder hornet' in the U.S.?Asian Giant Hornet
0%
What is the world's smallest bird?{Bee} Hummingbird
0%
What is the name of a male kangaroo?Boomer
0%
Which country has the most domestic camels?Chad
0%
What is the name of a female kangaroo?Flyer
0%
An animal that feeds on leaves is known as what?Folivore
0%
What animal are the primary predators of Madagascar's lemur population?Fossa
0%
Which snake has the longest fangs?Gaboon Viper
0%
What archipelago is home to the northernmost penguin population?Galapagos Islands
0%
What is the biggest even-toed hoofed animal?Hippopotamus
0%
Which snake has the most toxic venom of all?{Inland} Taipan
0%
What is the slowest fish in the ocean (not specific)?Seahorse
0%
What animal has the strongest bite for its size?Tasmanian Devil
0%
What lizard can shoot blood out of its eyes?{Texas} Horned Lizard
0%

Score Distribution

Percentile by Number Answered

Percent of People with Each Score

Your Score History

You have not taken this quiz